[Event "GER-ch53 V11 email"]
[Site "GER email"]
[Date "2021.04.21"]
[Round "?"]
[White "Schmidt, Horst"]
[Black "Ketelhoehn, Bernd"]
[Result "1/2-1/2"]
[WhiteElo "2126"]
[BlackElo "2146"]
[PlyCount "69"]
[EventDate "2021.04.21"]
[EventType "tourn (corr)"]
[EventRounds "10"]
[EventCountry "GER"]
[SourceTitle "Corr 2024"]
[Source "ChessBase"]
[SourceDate "2023.10.19"]
[SourceVersion "1"]
[SourceVersionDate "2023.10.19"]
[SourceQuality "1"]

1. d4 d5 2. c4 c6 3. Nf3 e6 4. e3 Nf6 5. Nc3 Nbd7 6. Qc2 Bd6 7. b3 0-0 8. Be2 b6 9. 0-0 Bb7 10. Bb2 Re8 11. Rad1 Qe7 12. Rfe1 Rad8 13. Bf1 c5 14. cxd5 exd5 15. g3 Rc8 16. Bh3 cxd4 17. exd4 Ne4 18. Nd2 Bb4 19. Ndxe4 dxe4 20. d5 Qd6 21. Bf5 Re5 22. Nxe4 Rxc2 23. Nxd6 Rxb2 24. Rxe5 Bxd6 25. Re8+ Nf8 26. Bc8 Bxc8 27. Rxc8 f5 28. Rc6 Bc5 29. d6 Ne6 30. d7 Nd8 31. Rxc5 bxc5 32. Re1 Kf7 33. Re8 Rxa2 34. Rxd8 Rd2 35. Rc8 1/2-1/2

[Event "Verbandsliga Nordbaden 1920"]
[Site "Baden"]
[Date "2020.02.16"]
[Round "6.1"]
[White "Schmidt, Horst"]
[Black "Hauke, Christian"]
[Result "1/2-1/2"]
[WhiteElo "2178"]
[BlackElo "2174"]
[PlyCount "40"]
[EventDate "2019.09.29"]
[EventType "team-tourn"]
[EventRounds "9"]
[EventCountry "GER"]
[SourceTitle "EXT 2021"]
[Source "ChessBase"]
[SourceDate "2020.10.23"]
[SourceVersion "1"]
[SourceVersionDate "2020.10.23"]
[SourceQuality "1"]
[WhiteTeam "Lindenhof"]
[BlackTeam "Bad Mergentheim II"]
[WhiteTeamCountry "GER"]
[BlackTeamCountry "GER"]

1. d4 c5 2. e3 g6 3. Nf3 Bg7 4. c3 cxd4 5. exd4 Nf6 6. g3 b6 7. Bg2 Bb7 8. Qb3 0-0 9. 0-0 Nc6 10. Nbd2 Rc8 11. Re1 d6 12. Nc4 Qc7 13. Ne3 Na5 14. Qb5 Bc6 15. Qf1 e5 16. dxe5 dxe5 17. Nc2 Nd5 18. Ne3 Nf6 19. Nc2 Nd5 20. Ne3 Nf6 1/2-1/2

[Event "Verbandsliga Nordbaden 1920"]
[Site "Baden"]
[Date "2019.11.10"]
[Round "2.1"]
[White "Schmidt, Horst"]
[Black "Dobrikov, Marco"]
[Result "0-1"]
[WhiteElo "2178"]
[BlackElo "2291"]
[PlyCount "64"]
[EventDate "2019.09.29"]
[EventType "team-tourn"]
[EventRounds "9"]
[EventCountry "GER"]
[SourceTitle "EXT 2021"]
[Source "ChessBase"]
[SourceDate "2020.10.23"]
[SourceVersion "1"]
[SourceVersionDate "2020.10.23"]
[SourceQuality "1"]
[WhiteTeam "Lindenhof"]
[BlackTeam "Hockenheim II"]
[WhiteTeamCountry "GER"]
[BlackTeamCountry "GER"]

1. d4 Nf6 2. Nf3 g6 3. c4 Bg7 4. Nc3 d5 5. g3 0-0 6. Qb3 dxc4 7. Qxc4 Nc6 8. e3 Be6 9. Qb5 Nd5 10. Ng5 Ndb4 11. Nxe6 fxe6 12. Qa4 Bxd4 13. exd4 Nxd4 14. Bc4 Nbc2+ 15. Kf1 Nxa1 16. Kg2 Nac2 17. Rd1 Qc8 18. Bd3 b5 19. Bxc2 bxa4 20. Rxd4 Rb8 21. Rxa4 Rxb2 22. Bxb2 Qb7+ 23. Ne4 Qxb2 24. Bb3 Qe2 25. Bxe6+ Kg7 26. Bb3 Qf3+ 27. Kg1 Rd8 28. Rc4 c5 29. h4 Rd1+ 30. Bxd1 Qxd1+ 31. Kh2 Qe2 32. Ra4 c4 0-1

[Event "Verbandsliga Nordbaden 1415"]
[Site "Baden"]
[Date "2015.03.01"]
[Round "7.2"]
[White "Schmidt, Horst"]
[Black "Grathwohl, Roland"]
[Result "1/2-1/2"]
[WhiteElo "2178"]
[BlackElo "2289"]
[PlyCount "27"]
[EventDate "2014.10.12"]
[EventType "team-tourn"]
[EventRounds "9"]
[EventCountry "GER"]
[SourceTitle "EXT 2022"]
[Source "ChessBase"]
[SourceDate "2021.10.06"]
[SourceVersion "1"]
[SourceVersionDate "2021.10.06"]
[SourceQuality "1"]
[WhiteTeam "Bad Mergentheim II"]
[BlackTeam "Heidelberg"]
[WhiteTeamCountry "GER"]
[BlackTeamCountry "GER"]

1. e4 c6 2. d4 d5 3. Nd2 dxe4 4. Nxe4 Nf6 5. Ng5 h6 6. N5f3 Bg4 7. h3 Bxf3 8. Nxf3 e6 9. c3 Bd6 10. Bd3 Nbd7 11. Bd2 Qc7 12. Qc2 Bf4 13. Bxf4 Qxf4 14. Qd2 1/2-1/2

[Event "Verbandsliga Nordbaden 1415"]
[Site "Baden"]
[Date "2014.11.02"]
[Round "2.2"]
[White "Schrepp, Martin"]
[Black "Schmidt, Horst"]
[Result "1/2-1/2"]
[WhiteElo "2270"]
[BlackElo "2178"]
[PlyCount "35"]
[EventDate "2014.10.12"]
[EventType "team-tourn"]
[EventRounds "9"]
[EventCountry "GER"]
[SourceTitle "EXT 2022"]
[Source "ChessBase"]
[SourceDate "2021.10.06"]
[SourceVersion "1"]
[SourceVersionDate "2021.10.06"]
[SourceQuality "1"]
[WhiteTeam "Ladenburg"]
[BlackTeam "Bad Mergentheim II"]
[WhiteTeamCountry "GER"]
[BlackTeamCountry "GER"]

1. d4 d5 2. Nf3 Nf6 3. Bg5 e6 4. e3 Be7 5. Nbd2 Nbd7 6. Bd3 c5 7. c3 a6 8. a4 b6 9. Ne5 Nxe5 10. dxe5 Nd7 11. Bxe7 Qxe7 12. f4 g6 13. 0-0 Bb7 14. Qe2 0-0 15. e4 c4 16. Bc2 b5 17. Nf3 dxe4 18. Bxe4 1/2-1/2

[Event "GER-ch 2012-F-F serv"]
[Site "GER email"]
[Date "2014.07.08"]
[Round "?"]
[White "Noeth, Dieter"]
[Black "Schmidt, Horst"]
[Result "1/2-1/2"]
[WhiteElo "2193"]
[BlackElo "2017"]
[PlyCount "60"]
[EventDate "2014.07.10"]
[EventType "tourn (corr)"]
[EventRounds "9"]
[EventCountry "GER"]
[SourceTitle "Corr 2020"]
[Source "ChessBase"]
[SourceDate "2019.09.30"]
[SourceVersion "1"]
[SourceVersionDate "2019.09.30"]
[SourceQuality "1"]

1. d4 Nf6 2. c4 e6 3. Nf3 b6 4. g3 Bb7 5. Bg2 c5 6. d5 exd5 7. Nh4 g6 8. Nc3 Bg7 9. Bg5 h6 10. Bxf6 Bxf6 11. Nb5 d6 12. Bxd5 Nc6 13. Qd2 a6 14. Nc3 Qe7 15. Ng2 0-0-0 16. 0-0 Kb8 17. Ne3 Bd4 18. Bxc6 Bxc6 19. Ned5 Qg5 20. e3 Bxc3 21. bxc3 Ka7 22. Rab1 Bxd5 23. cxd5 h5 24. c4 h4 25. Rb3 Qf5 26. Qb2 Rb8 27. Rb1 hxg3 28. fxg3 Rhe8 29. Rxb6 Qxb1+ 30. Qxb1 Rxb6 1/2-1/2

[Event "GER-ch 2012-F-F serv"]
[Site "GER email"]
[Date "2014.07.08"]
[Round "?"]
[White "Schmidt, Horst"]
[Black "Mueller, Detlef"]
[Result "1/2-1/2"]
[WhiteElo "2017"]
[BlackElo "2108"]
[PlyCount "99"]
[EventDate "2014.07.10"]
[EventType "tourn (corr)"]
[EventRounds "9"]
[EventCountry "GER"]
[SourceTitle "Corr 2020"]
[Source "ChessBase"]
[SourceDate "2019.09.30"]
[SourceVersion "1"]
[SourceVersionDate "2019.09.30"]
[SourceQuality "1"]

1. d4 Nf6 2. c4 e6 3. Nc3 Bb4 4. e3 0-0 5. Bd3 d5 6. Nf3 c5 7. 0-0 Nc6 8. a3 Bxc3 9. bxc3 b6 10. cxd5 exd5 11. Ne5 Bb7 12. Nxc6 Bxc6 13. f3 Re8 14. a4 Qd7 15. Re1 c4 16. Bc2 Qc7 17. Re2 g6 18. Qe1 Re6 19. Qf2 Rae8 20. Qh4 Nh5 21. e4 dxe4 22. fxe4 Qe7 23. Qxe7 R6xe7 24. e5 f6 25. g4 Ng7 26. Ba3 Rf7 27. Be4 Bxe4 28. Rxe4 fxe5 29. dxe5 Rf3 30. Rxc4 Rxe5 31. Bd6 Re6 32. Rc8+ Ne8 33. Bg3 Rf8 34. Ra8 a5 35. Rf1 Re4 36. h3 Re3 37. Rxf8+ Kxf8 38. Bf2 Rxh3 39. Bxb6 Rxc3 40. Bxa5 Rg3+ 41. Kf1 Rxg4 42. Bb6 Ke7 43. a5 Nd6 44. a6 Nb5 45. a7 Ra4 46. Rh8 Rf4+ 47. Kg2 Nxa7 48. Rxh7+ Rf7 49. Rxf7+ Kxf7 50. Bxa7 1/2-1/2

[Event "Oberliga Baden 1314"]
[Site "Germany"]
[Date "2014.03.16"]
[Round "8.8"]
[White "Schmidt, Horst"]
[Black "Neuner, Johannes"]
[Result "1-0"]
[WhiteElo "2162"]
[BlackElo "2025"]
[PlyCount "89"]
[EventDate "2013.10.13"]
[EventType "team-tourn"]
[EventRounds "9"]
[EventCountry "GER"]
[SourceTitle "EXT 2015"]
[Source "ChessBase"]
[SourceDate "2014.11.20"]
[SourceVersion "1"]
[SourceVersionDate "2014.11.20"]
[SourceQuality "1"]
[WhiteTeam "Bad Mergentheim"]
[BlackTeam "Zaehringen"]
[WhiteTeamCountry "GER"]
[BlackTeamCountry "GER"]

1. e4 c6 2. d3 d5 3. Nd2 e5 4. Ngf3 Bd6 5. c3 Nf6 6. g3 0-0 7. Bg2 Nbd7 8. 0-0 Nc5 9. Qc2 a5 10. a4 Qc7 11. exd5 Bf5 12. Ne1 Nxd5 13. Ne4 Be7 14. Nf3 Rad8 15. Re1 Rfe8 16. Nh4 Be6 17. Nxc5 Bxc5 18. Nf3 Bf5 19. Ng5 Bg6 20. Ne4 Ba7 21. Bg5 f6 22. Bc1 Qd7 23. Qe2 f5 24. Bh3 Qc7 25. Ng5 Qd6 26. Nf3 e4 27. dxe4 Rxe4 28. Qf1 f4 29. Rxe4 Bxe4 30. Ng5 Re8 31. Nxe4 Rxe4 32. Bg2 Qe5 33. Bxe4 Qxe4 34. c4 Nb4 35. Ra3 Nc2 36. Rd3 Nd4 37. Qd1 Ne2+ 38. Kf1 Nxc1 39. Rd8+ Kf7 40. Qd7+ Kg6 41. Qg4+ Kh6 42. Rd6+ g6 43. Qh4+ Kg7 44. Rd7+ Kf8 45. Qf6+ 1-0

[Event "Verbandsliga Nord Baden 1314"]
[Site "Germany"]
[Date "2014.02.02"]
[Round "5.4"]
[White "Schmidt, Horst"]
[Black "Roes, Helge"]
[Result "1-0"]
[WhiteElo "2158"]
[BlackElo "2181"]
[PlyCount "129"]
[EventDate "2013.10.20"]
[EventType "team-tourn"]
[EventRounds "9"]
[EventCountry "GER"]
[SourceTitle "EXT 2015"]
[Source "ChessBase"]
[SourceDate "2014.11.20"]
[SourceVersion "1"]
[SourceVersionDate "2014.11.20"]
[SourceQuality "1"]
[WhiteTeam "Bad Mergentheim II"]
[BlackTeam "Weinheim"]
[WhiteTeamCountry "GER"]
[BlackTeamCountry "GER"]

1. e4 c6 2. d3 d5 3. Nd2 g6 4. c3 Bg7 5. Qc2 e5 6. Ngf3 Ne7 7. h4 h5 8. Be2 Bg4 9. Nf1 Nd7 10. Ne3 Bxf3 11. Bxf3 Nf6 12. Qe2 Qc7 13. Nf1 Nd7 14. Ne3 Nf6 15. Nf1 Nd7 16. Bg5 Bf6 17. Bd2 Nf8 18. Ne3 Ne6 19. exd5 Nf4 20. Qf1 Nfxd5 21. g3 Nxe3 22. fxe3 Nf5 23. Qf2 Be7 24. e4 Ng7 25. Be3 b6 26. d4 Ne6 27. 0-0 0-0-0 28. d5 Nc5 29. b4 Nb7 30. Bg2 Nd6 31. Qe2 cxd5 32. exd5 Kb8 33. Rac1 Nf5 34. Bf2 Rhe8 35. a3 Bd6 36. Qe4 Nh6 37. c4 f5 38. Qd3 Ng4 39. c5 Nxf2 40. Rxf2 e4 41. Qb5 Bxg3 42. Rfc2 Qd7 43. c6 Qc7 44. a4 Bf4 45. Rd1 Be3+ 46. Kh1 Rd6 47. a5 Rc8 48. Qe2 f4 49. Rc3 Qe7 50. Rxe3 fxe3 51. axb6 Qxh4+ 52. Kg1 Qf2+ 53. Qxf2 exf2+ 54. Kxf2 Rcxc6 55. dxc6 Rxd1 56. c7+ Kb7 57. Bxe4+ Kc8 58. bxa7 Ra1 59. a8Q+ Rxa8 60. Bxa8 Kxc7 61. Ke3 Kb6 62. Kd4 Kb5 63. Kc3 g5 64. Bf3 g4 65. Be2+ 1-0

[Event "Buchen Baroque op"]
[Site "Buchen"]
[Date "2009.12.28"]
[Round "3"]
[White "Schuhmacher, Jakob"]
[Black "Schmidt, Horst"]
[Result "1/2-1/2"]
[WhiteElo "1724"]
[BlackElo "2173"]
[PlyCount "76"]
[EventDate "2009.12.26"]
[EventType "swiss"]
[EventRounds "7"]
[EventCountry "GER"]
[SourceTitle "CBM 134 Extra"]
[Source "ChessBase"]
[SourceDate "2010.03.03"]
[SourceVersion "1"]
[SourceVersionDate "2010.03.03"]
[SourceQuality "1"]

1. d4 Nf6 2. c4 d6 3. Nc3 Nbd7 4. e4 c6 5. Nf3 Qc7 6. Be2 g6 7. 0-0 Bg7 8. h3 0-0 9. Be3 e5 10. d5 c5 11. Nb5 Qb8 12. a3 Nxe4 13. Qc2 Nef6 14. Nd2 a6 15. Nc3 Ne8 16. Nde4 h6 17. f4 f5 18. Nf2 e4 19. g4 Nef6 20. gxf5 gxf5 21. Kh2 Re8 22. Rg1 Re7 23. Nh1 b6 24. Rg2 Ra7 25. Rag1 Nf8 26. Ng3 Bd7 27. Nd1 Qd8 28. Bd2 Rf7 29. Ne3 Qc8 30. Bc3 Ng4+ 31. hxg4 Qd8 32. g5 hxg5 33. Nxe4 g4 34. Ng5 Be5 35. Bxe5 dxe5 36. Qc3 Rh7+ 37. Kg3 exf4+ 38. Kf2 fxe3+ 1/2-1/2